Movie Character Blitz IV Quiz Stats

Quiz Updated Mar 11, 2018

Challenge
Share
Tweet
Score 0/16 Timer 01:00
96 Plays Today
% Correct
Yoda
94.9%
Count Dracula
94.6%
Nurse Ratched
94%
Gandalf
93.2%
Will Hunting
90.7%
Derek Zoolander
90.6%
Agent Jay
87.6%
Scarlett O'Hara
84.9%
% Correct
William Wallace
81.6%
Holly Golightly
76%
Ellis 'Red' Redding
75.5%
Peter Venkman
74.3%
Annie Wilkes
69.8%
Anton Chigurh
68%
Regan MacNeil
62.1%
Ash Williams
61.7%

You're not logged in!

Compare scores with friends on all Sporcle quizzes.
Sign Up with Email
OR
Log In

You Might Also Like...

Show Comments

Extras

Top Quizzes Today


Score Distribution

Your Account Isn't Verified!

In order to create a playlist on Sporcle, you need to verify the email address you used during registration. Go to your Sporcle Settings to finish the process.

Report this User

Report this user for behavior that violates our Community Guidelines.

Details: